| 000 | 00794nam a22002057a 4500 | ||
|---|---|---|---|
| 999 |
_c8221 _d8221 |
||
| 003 | AR-CdUCM | ||
| 008 | 190322b ||||| |||| 00| 0 spa d | ||
| 040 |
_aMUNICIPALIDAD PROVINCIAL DEL CUSCO _cBIBLIOTECA MUNICIPAL DEL CUSCO |
||
| 082 |
_a305 / _bB25 |
||
| 100 |
_aPerú. Ministerio de Salud Pública y Asistencia Social _923154 |
||
| 245 | _aBarriadas de Lima Metropolitana / | ||
| 260 |
_aLima : _bDepartamento de Servicio Social y Vivienda, _c1960. |
||
| 300 |
_a185 páginas ; _bgráficos ; _c25 cm. |
||
| 500 | _aDonación familia Nieto. Incluye índices. "División de Servicio Social y Vivienda. Sección de Investigaciones Sociales" | ||
| 650 |
_aBarriadas _915308 |
||
| 650 |
_aLima - Perú _923155 |
||
| 650 |
_aAsentamientos humanos _914125 |
||
| 942 |
_2ddc _cLIBROS |
||
| 945 | _azta | ||